书目信息 |
| 题名: |
AutoCAD 2005中文版机械图形设计
|
|
| 作者: | 孙印杰 , 周利民 , 陈志刚 编著 | |
| 分册: | ||
| 出版信息: | 北京 电子工业出版社 2004.9 |
|
| 页数: | 420页 | |
| 开本: | 26cm | |
| 丛书名: | ||
| 单 册: | ||
| 中图分类: | TH126 | |
| 科图分类: | ||
| 主题词: | 机械制图--ji xie zhi tu--计算机制图--应用软件 , 机械制图--ji xie zhi tu , 计算机制图--ji suan ji zhi tu , 应用软件--ying yong ruan jian | |
| 电子资源: | ||
| ISBN: | 7-121-00365-1 | |
| 000 | 01041nam0 2200289 45 | |
| 001 | 012005000794 | |
| 005 | 20051207091216.82 | |
| 010 | @a7-121-00365-1@dCNY35.00 | |
| 100 | @a20050422d2004 em y0chiy0121 ea | |
| 101 | 0 | @achi |
| 102 | @aCN@b110000 | |
| 105 | @ay z 000yy | |
| 200 | 1 | @aAutoCAD 2005中文版机械图形设计@AAutoCAD 2005 zhong wen ban ji xie tu xing she ji@f孙印杰,周利民,陈志刚等编著 |
| 210 | @a北京@c电子工业出版社@d2004.9 | |
| 215 | @a420页@d26cm | |
| 330 | @a本书以AutoCAD 2005的基本知识和应用技巧为基础,以减速器套图的绘制过程为指引,系统地阐述了AutoCAD 2005在机械图形设计领域的应用和技巧。 | |
| 606 | 0 | @a机械制图@Aji xie zhi tu@x计算机制图@x应用软件 |
| 606 | 0 | @a机械制图@Aji xie zhi tu |
| 606 | 0 | @a计算机制图@Aji suan ji zhi tu |
| 606 | 0 | @a应用软件@Aying yong ruan jian |
| 610 | 0 | @aAutoCAD |
| 690 | @aTH126@v4 | |
| 701 | 0 | @a孙印杰@Asun yin jie@4编著 |
| 701 | 0 | @a周利民@Azhou li min@4编著 |
| 701 | 0 | @a陈志刚@Achen zhi gang@4编著 |
| 801 | 0 | @aCN@bSRXX@c20051207 |
| 905 | @a10447@dTH126@eS970 | |
| AutoCAD 2005中文版机械图形设计/孙印杰,周利民,陈志刚等编著.-北京:电子工业出版社,2004.9 |
| 420页;26cm |
| ISBN 7-121-00365-1:CNY35.00 |
| 本书以AutoCAD 2005的基本知识和应用技巧为基础,以减速器套图的绘制过程为指引,系统地阐述了AutoCAD 2005在机械图形设计领域的应用和技巧。 |
| ● |
| 相关链接 |
|
|
|
正题名:AutoCAD 2005中文版机械图形设计
索取号:TH126/S970
 
预约/预借
| 序号 | 登录号 | 条形码 | 馆藏地/架位号 | 状态 | 备注 |
| 1 | 546342 | 205463425 | 期刊室512/501自科库 35排4列3层/ [索取号:TH126/S970] | 在馆 | |
| 2 | 546343 | 205463434 | 自科库501/501自科库 35排4列3层/ [索取号:TH126/S970] | 在馆 | |
| 3 | 546344 | 205463443 | 期刊室512/501自科库 35排4列3层/ [索取号:TH126/S970] | 在馆 |